Datum a čas kvízu
35.5
Celkem bodů
Celkový počet nahraných bodů na tomto kvízu bez doplňovacích otázek.
4.
Pořadí na kvízu
Konečné umístění týmu na tomto kvízu.
Zaznamenané odpovědi
| # | Otázka | Odpověď | Body | Výsledky |
|---|---|---|---|---|
| 1. | Ředitel gymnázia Zdeněk Bergma... | 1 | ||
| 2. | Jedna evropská země vydala pop... | 1 | ||
| 3. | V Praze byla minulý týden po s... | 1 | ||
| 4. | Bývalý ministr obrany Jaroslav... | 0 | ||
| 5. | Jak se jmenuje útočník, jenž v... | 1 | ||
| 6. | V různých seriálech se objevil... | 1 | ||
| 7. | Napište jména herců, kteří ztv... | 1 | ||
| 8. | Walter White a Jesse Pinkman.... | 0 | ||
| 9. | Excentrický sedmdesátiletý věd... | 1 | ||
| 10. | A nakonec dvojice z českých ve... | 1 |